00839nam a2200229 i 450000100060000000300090000600500170001500700030003200800410003502000180007608000100009424501140010426000520021830000220027049000350029265000360032770000310036383000430039485200330043799900170047095201220048713028ES-MaACL20230906150455.0t|971117s1994 fr ||||1| spa d a92-3-303042-3 a608.300aNociones sobre patentes de invención para investigadores universitarios / ccoordinador: Alberto Bercovitz. aParis : bUNESCO : bCRE-Columbus, ccop. 1994. a234 p. ; c24 cm.1 aLa biblioteca del investigador14aPatentes de invención.9158831 aBercovitz, Alberto.9278560 aLa biblioteca del investigador9228374 aES-MaACLjL-20434 bR.124681 c13028d13028 00104070aATENEOMbATENEOMcDEPO2d2008-01-17eSCl0oL-20434p1013268r2023-02-23 00:00:00w2023-02-23yMONOGRAFIA